000 00445nam a2200181Ia 4500
001 17594
005 20260306171529.0
008 260306s9999||||xx |||||||||||||| ||und||
041 _aESP
082 _a658.071
_bM95
100 _aMünch, Lourdes
_eAUT
245 0 _aTécnicas y procedimientos para la mejora continua
260 _c2015
300 _a119 páginas :
_c27 cm.
650 _aGEN
654 _aCAN
942 _cLIB
_dJUS
_fJUS
_2ddc
_n
999 _c17594
_d17594